000 00649nam a2200193Ii 4500
003 JO-AjNU
008 230605s9999||||xx |||||||||||||| ||und||
040 _aJO-AjNU
_bara
_erda
_cJO-AjNU
041 _aara
050 1 4 _aPJ7842.H87.A77 1985
100 3 _aتأليف مطلوب، أحمد,
_eauthor
_942369
245 0 0 _aالقروي شاعر العروبة في المهجر
264 3 1 _aعمان:دار الفكر للنشر والتوزيع،6918
300 _a198ص
336 _atext
_btxt
_2rdacontent
337 _aunmediated
_bn
_2rdamedia
338 _avolume
_bnc
_2rdacarrier
650 4 _aالشعر العربي - المهجر
_942370
999 _aA18137
_c21705
_d21705